书目信息 |
| 题名: |
小狗疑心大宇宙阴谋篡夺它的位置
|
|
| 作者: | 泰戈尔 著 ;郑振铎 , 白开元 , 红花 译注 | |
| 分册: | ||
| 出版信息: | 南京 江苏凤凰文艺出版社 2024.08 |
|
| 页数: | 287页 | |
| 开本: | 19cm | |
| 丛书名: | ||
| 单 册: | ||
| 中图分类: | I351.25 | |
| 科图分类: | ||
| 主题词: | 诗歌--印度--现代 | |
| 电子资源: | ||
| ISBN: | 978-7-5594-8878-7 | |
| 000 | 01212nam0 2200277 450 | |
| 001 | 013206055 | |
| 005 | 20251022142517.36 | |
| 010 | @a978-7-5594-8878-7@dCNY59.80 | |
| 100 | @a20241027d2024 em y0chiy0120 ea | |
| 101 | 1 | @achi@cinc |
| 102 | @aCN@b320000 | |
| 105 | @aa z 000gy | |
| 106 | @ar | |
| 200 | 1 | @a小狗疑心大宇宙阴谋篡夺它的位置@9xiao gou yi xin da yu zhou yin mou cuan duo ta de wei zhi@dThe pet dog suspects the universe for scheming to take its place@f(印)泰戈尔(Rabindranath Tagore)著@g郑振铎,白开元译注@g红花绘@zeng |
| 210 | @a南京@c江苏凤凰文艺出版社@d2024.08 | |
| 215 | @a287页@c图@d19cm | |
| 330 | @a本书是一本选自泰戈尔经典诗歌的童心短诗集。145首轻盈又雀跃的短诗,配上100幅元气满满的小狗插画。以简单纯粹的视角,解读人类世界的生活哲学,让我们重新构建内心秩序。 | |
| 510 | 1 | @aPet dog suspects the universe for scheming to take its place@zeng |
| 606 | 0 | @a诗歌@y印度@z现代 |
| 690 | @aI351.25@v5 | |
| 701 | 0 | @c(印)@a泰戈尔@9tai ge er@c(Tagore, Rabindranath@f1861-1941)@4著 |
| 702 | 0 | @a郑振铎@9zheng zhen duo@4译注 |
| 702 | 0 | @a白开元@9bai kai yuan@4译注 |
| 702 | 0 | @a红花@9hong hua@4绘 |
| 801 | 0 | @aCN@c20250911 |
| 905 | @a河南城建学院图书馆@dI351.25@eT082-22@ZT082-22@f1 | |
| 小狗疑心大宇宙阴谋篡夺它的位置=The pet dog suspects the universe for scheming to take its place/(印)泰戈尔(Rabindranath Tagore)著/郑振铎,白开元译注/红花绘.-南京:江苏凤凰文艺出版社,2024.08 |
| 287页:图;19cm |
| ISBN 978-7-5594-8878-7:CNY59.80 |
| 本书是一本选自泰戈尔经典诗歌的童心短诗集。145首轻盈又雀跃的短诗,配上100幅元气满满的小狗插画。以简单纯粹的视角,解读人类世界的生活哲学,让我们重新构建内心秩序。 |
| ● |
| 相关链接 |
|
|
|
正题名:小狗疑心大宇宙阴谋篡夺它的位置
索取号:I351.25/T082-22
 
预约/预借
| 序号 | 登录号 | 条形码 | 馆藏地/架位号 | 状态 | 备注 |
| 1 | 1636322 | 216363227 | 文学库116/116文学库 15排5列1层/ [索取号:I351.25/T082-22] | 在馆 |